吉林省地图点选 Jilin Click Map - Statistics

General Stats
  • This quiz has been taken 28 times
    25 since last reset
  • The average score is 8 of 9
Answers on the Map
Answers color-coded by a green-red scale on the quiz's map according to % correct below.
 
Answer Stats
Answer % Correct
长春市
100%
吉林市
100%
四平市
100%
辽源市
100%
白山市
94%
延边朝鲜族自治州
94%
通化市
88%
白城市
88%
松原市
76%
No matching quizzes found
Score Distribution
Percent of People with Each Score
Percentile by Number Answered
Your Score History
You have not taken this quiz since the last reset